00846nam a2200169 a 450000100100000000500170001000800410002704000250006808200130009324501200010626000690022630000290029595201110032495201120043595201120054799900170065900003736320200930080323.0120328s200u dr c 000 0 spa d aDO-SdBNPbspacBNPHU axxxbxxx00aMariano Sánchez :bun pintor moderno con espíritu y temperamento clásico... una mirada a su mundo interior... aSanto Domingo. :bFundación Centro Cultural Altos de Chavón. a20 p. :bretr. ;c22 cm. 0010718PDaGRbGRcCTd2012-03-28iLF1l0oxxx xxxp37363-10r2020-06-25w2020-06-25yLFPDZNo se presta 00107-18PDaGRbGRcOId2012-03-28iLF1l0oxxx xxxp37364-10r2020-06-25w2020-06-25yLFPDZNo se presta 00107-18PDaGRbGRcOId2012-03-28iLF1l0oxxx xxxp37365-10r2020-06-25w2020-06-25yLFPDZNo se presta c36853d36853